| 000 | 01409cam a22003737a 4500 | ||
|---|---|---|---|
| 003 | CHAP | ||
| 005 | 20220817043754.0 | ||
| 008 | 010518d1997 mx a r 00110 spa d | ||
| 010 | _a83944 | ||
| 011 | _a84916 | ||
| 020 | _a150569 | ||
| 035 | _a95442 | ||
| 040 | _cCHAP | ||
| 082 | 0 | 4 |
_a322.3 _bM4 |
| 110 | 2 | _aMéxico. Secretaría de Desarrollo Social | |
| 245 | 1 | 0 |
_aFONAES una experiencia de empleo productivo : _blos casos de empresas pecuarias, forestales y pesqueras _c/por Secretaría de Desarrollo Social. FONAES |
| 260 |
_aMéxico, D.F. : _bFondo Nacional de Apoyo para Empresas Sociales, _c1997. |
||
| 300 |
_a111 p. : _bilus. |
||
| 590 |
_aBATCH-UPD _b10 _c20130110 _lUCH01 _h0219 |
||
| 590 |
_aBATCH-UPD _b10 _c20130110 _lUCH01 _h2015 |
||
| 590 |
_aBATCH-UPD _b10 _c20130409 _lUCH01 _h2238 |
||
| 590 |
_aBATCH-UPD _b10 _c20130410 _lUCH01 _h1334 |
||
| 590 |
_aBATCH-UPD _b10 _c20130914 _lUCH01 _h1302 |
||
| 590 |
_aCONVERSION _b10 _c20130109 _lUCH01 _h1347 |
||
| 650 | 1 | 4 |
_aEmpresarios. _936634 |
| 650 | 1 | 4 |
_aIndustria y Estado _xMéxico. _957919 |
| 650 | 1 | 4 |
_aIndustrias agrícolas _xMéxico. _957957 |
| 901 | _aBK | ||
| 905 | _aLilia Sánchez G. | ||
| 942 | _cLIBRO | ||
| 949 |
_a322.3 M4 _bBC _cLIBRO _d33724000820460 _eLIBRO _fc.3 _h10076 _i95442 _sb |
||
| 949 |
_a322.3 M4 _bBC _cLIBRO _d33724000820528 _eLIBRO _fc.2 _h10075 _i95442 _sb |
||
| 949 |
_a322.3 M4 _bBC _cLIBRO _d33724000820585 _eLIBRO _h10074 _i95442 _si |
||
| 999 |
_c83944 _d83944 |
||